[Event "39th WCh U20 Girls"]
[Site "Mexico City MEX"]
[Date "2023.09.29"]
[Round "9.3"]
[White "Francisco, Candela"]
[Black "Mkrtchian, Mariam"]
[Result "1-0"]
[WhiteElo "2345"]
[BlackElo "2343"]
[EventDate "2023.09.21"]
[PlyCount "73"]

1.e4 e5 2.Nf3 Nc6 3.Bb5 a6 4.Ba4 Nf6 5.O-O Nxe4 6.d4 b5 7.Bb3 d5 8.dxe5 
Be6 9.Nbd2 Nc5 10.c3 d4 11.Ng5 Qxg5 12.Qf3 O-O-O 13.Bxe6+ fxe6 14.Qxc6 
Qxe5 15.b4 Qd5 16.Qxd5 exd5 17.bxc5 dxc3 18.Nb3 d4 19.Ba3 a5 20.Nxa5 d3 
21.Bb4 c2 22.Nb3 Be7 23.a4 Bf6 24.axb5 Bxa1 25.Rxa1 Kd7 26.Re1 Rb8 27.c6+ 
Kc8 28.Re5 Ra8 29.Bd2 Ra3 30.Nc1 Rd8 31.Kf1 Ra1 32.Ke1 Rb1 33.Be3 Kb8 34.
Kd2 Ka8 35.Re7 Rc8 36.Kxd3 Rxb5 37.Kxc2 1-0

[Event "39th WCh U20 Girls"]
[Site "Mexico City MEX"]
[Date "2023.09.29"]
[Round "9.4"]
[White "Hernandez Gil, Ineymig"]
[Black "Hryzlova, Sofiia"]
[Result "1-0"]
[WhiteElo "2170"]
[BlackElo "2228"]
[EventDate "2023.09.21"]
[PlyCount "37"]

1.e4 c5 2.Nf3 d6 3.d4 cxd4 4.Nxd4 Nf6 5.Bd3 Nc6 6.Be3 e5 7.Nxc6 bxc6 8.O-O
Be7 9.c4 O-O 10.Nc3 Be6 11.Qc2 Qc7 12.Rad1 Qb7 13.h3 g6 14.f4 exf4 15.Bxf4
Nd7 16.Be2 Qc7 17.Na4 Rfd8 18.c5 Nxc5 19.Qxc5 1-0

[Event "39th WCh U20 Girls"]
[Site "Mexico City MEX"]
[Date "2023.09.29"]
[Round "9.5"]
[White "Kanyamarala, Trisha"]
[Black "Sultanbek, Zeinep"]
[Result "1-0"]
[WhiteElo "2184"]
[BlackElo "2022"]
[EventDate "2023.09.21"]
[PlyCount "53"]

1.d4 Nf6 2.c4 c5 3.d5 e6 4.Nc3 exd5 5.cxd5 d6 6.e4 g6 7.h3 Bg7 8.Nf3 O-O 
9.Be3 Re8 10.Nd2 b6 11.Be2 Ba6 12.a4 Qc8 13.O-O Bxe2 14.Qxe2 Na6 15.a5 
bxa5 16.Nc4 Qd7 17.Bf4 Bf8 18.Qf3 Nh5 19.Bh2 Nb4 20.g4 Ng7 21.e5 dxe5 22.
Nxe5 Qe7 23.d6 Qe6 24.Nb5 Bxd6 25.Nxd6 Qxd6 26.Qxf7+ Kh8 27.Qxe8+ 1-0

[Event "39th WCh U20 Girls"]
[Site "Mexico City MEX"]
[Date "2023.09.29"]
[Round "9.6"]
[White "Bommini, Mounika Akshaya"]
[Black "Goraj, Barbara"]
[Result "1-0"]
[WhiteElo "2096"]
[BlackElo "2135"]
[EventDate "2023.09.21"]
[PlyCount "69"]

1.d4 Nf6 2.c4 g6 3.Nc3 Bg7 4.e4 d6 5.Nge2 O-O 6.Ng3 Nbd7 7.Be2 c5 8.d5 h5 
9.O-O b5 10.cxb5 a6 11.Re1 h4 12.Nf1 h3 13.g4 axb5 14.Bxb5 Qb6 15.Be2 Ne5 
16.Ne3 c4 17.g5 Nfd7 18.Nxc4 Nxc4 19.Bxc4 Ne5 20.Be2 f6 21.Rb1 fxg5 22.Be3
Qd8 23.Bxg5 Ba6 24.f4 Qb6+ 25.Kh1 Nc4 26.Bg4 Bd4 27.Be6+ Kg7 28.Qg4 Ne3 
29.Qxh3 Rh8 30.Qg3 Nf1 31.Rxf1 Bxf1 32.Rxf1 Qxb2 33.f5 Be5 34.Bf6+ Kf8 35.
Bxe5 1-0

[Event "39th WCh U20 Girls"]
[Site "Mexico City MEX"]
[Date "2023.09.29"]
[Round "9.7"]
[White "Demchenko, Svitlana"]
[Black "Walter, Ema"]
[Result "1/2-1/2"]
[WhiteElo "2169"]
[BlackElo "2063"]
[EventDate "2023.09.21"]
[PlyCount "88"]

1.e4 e5 2.Nf3 Nc6 3.Bc4 Bc5 4.b4 Bxb4 5.c3 Ba5 6.d4 d6 7.Qb3 Qd7 8.O-O Bb6
9.Bb5 a6 10.Ba4 Ba7 11.Qb2 b5 12.Bc2 Nge7 13.a4 O-O 14.axb5 axb5 15.d5 Nb8
16.Be3 c6 17.dxc6 Nexc6 18.Rd1 Ba6 19.Bxa7 Rxa7 20.Nbd2 Qc7 21.Bd3 b4 22.
Bxa6 bxc3 23.Qxc3 Rxa6 24.Rxa6 Nxa6 25.Nc4 Rd8 26.h4 h6 27.h5 Nc5 28.Qe3 
Ne6 29.Nb6 Ncd4 30.Nd5 Qc2 31.Re1 Qc4 32.Kh2 Nc2 33.Qe2 Qxe2 34.Rxe2 Ncd4 
35.Re3 Ra8 36.Nxd4 Nxd4 37.Rc3 Ra2 38.f3 Kh7 39.Kh3 Ra7 40.Rc8 Rd7 41.Nb6 
Rb7 42.Nd5 Rd7 43.Nb6 Rb7 44.Nd5 Rd7 1/2-1/2

[Event "39th WCh U20 Girls"]
[Site "Mexico City MEX"]
[Date "2023.09.29"]
[Round "9.8"]
[White "Rakshitta, Ravi"]
[Black "Djidjeli, Sarah"]
[Result "1-0"]
[WhiteElo "2272"]
[BlackElo "2058"]
[EventDate "2023.09.21"]
[PlyCount "95"]

1.e4 c5 2.Nf3 Nc6 3.Bb5 g6 4.Bxc6 dxc6 5.d3 Bg7 6.h3 Nf6 7.Nc3 b6 8.O-O 
O-O 9.Bf4 Ne8 10.Qd2 f6 11.Bh6 e5 12.Nh2 Qe7 13.Bxg7 Nxg7 14.f4 exf4 15.
Rxf4 Bd7 16.Raf1 Rf7 17.Nd1 Raf8 18.Ne3 f5 19.exf5 Bxf5 20.Neg4 Bxg4 21.
Nxg4 Rxf4 22.Nh6+ Kh8 23.Rxf4 Rxf4 24.Qxf4 Nh5 25.Qe5+ Qf6 26.Ng4 Qxe5 27.
Nxe5 Nf4 28.Nxc6 a5 29.Kf2 Kg7 30.Kf3 Ne6 31.Ke4 Kf6 32.Ne5 Ng5+ 33.Kd5 
Kf5 34.h4 Ne6 35.g4+ Kf6 36.Nd7+ Ke7 37.Nxb6 Nf4+ 38.Ke4 Ng2 39.Nd5+ Kf7 
40.h5 gxh5 41.gxh5 Kg7 42.Ne3 Nxe3 43.Kxe3 Kh6 44.d4 cxd4+ 45.Kxd4 Kxh5 
46.a4 Kg4 47.b4 h5 48.bxa5 1-0

[Event "39th WCh U20 Girls"]
[Site "Mexico City MEX"]
[Date "2023.09.29"]
[Round "9.9"]
[White "Ciolacu, Alessia-Mihaela"]
[Black "Tomasi, Elise"]
[Result "1-0"]
[WhiteElo "2199"]
[BlackElo "2021"]
[EventDate "2023.09.21"]
[PlyCount "85"]

1.d4 d5 2.c4 dxc4 3.e3 Nf6 4.Bxc4 a6 5.Nf3 e6 6.O-O b5 7.Bd3 Bb7 8.a4 b4 
9.Qe2 c5 10.dxc5 Bxc5 11.e4 Nc6 12.Nbd2 e5 13.Nc4 Qe7 14.a5 Nd7 15.Bg5 f6 
16.Be3 O-O 17.Nh4 g6 18.Bh6 Rfd8 19.Ne3 Bxe3 20.fxe3 Nc5 21.Bc4+ Kh8 22.
Bd5 f5 23.Nf3 Ne6 24.Qc4 Rd6 25.h4 Nc7 26.Bf7 Nd8 27.Ng5 Rf6 28.Bg8 Rc6 
29.Qb3 Nde6 30.Bxe6 Nxe6 31.exf5 gxf5 32.Rxf5 Nxg5 33.Bxg5 Qg7 34.Rf7 Qg6 
35.Rxb7 h6 36.Be7 Rg8 37.Qd5 Rc2 38.Qxe5+ Rg7 39.Bg5 hxg5 40.h5 Rxg2+ 41.
Kxg2 Qc6+ 42.Kg1 Qxb7 43.h6 1-0

[Event "39th WCh U20 Girls"]
[Site "Mexico City MEX"]
[Date "2023.09.29"]
[Round "9.10"]
[White "Mikheeva, Galina"]
[Black "Getman, Tatyana"]
[Result "1-0"]
[WhiteElo "1969"]
[BlackElo "2172"]
[EventDate "2023.09.21"]
[PlyCount "81"]

1.e4 c5 2.Nf3 d6 3.Bb5+ Nd7 4.d4 cxd4 5.Qxd4 a6 6.Bxd7+ Bxd7 7.Nc3 e5 8.
Qd3 Rc8 9.Nd2 Be6 10.Nf1 Be7 11.Ne3 Nf6 12.O-O O-O 13.a4 Qc7 14.Rd1 Qc6 
15.a5 Rfd8 16.Ncd5 Bxd5 17.exd5 Qd7 18.c4 g6 19.b4 Ng4 20.f3 Nh6 21.Rb1 f5
22.c5 Nf7 23.c6 bxc6 24.Qxa6 c5 25.Nc4 Rb8 26.b5 f4 27.b6 e4 28.Qb5 Qf5 
29.fxe4 Qg4 30.Rf1 Ng5 31.Nd2 Re8 32.a6 Bf6 33.Bb2 Bxb2 34.Rxb2 Nxe4 35.
Nxe4 Rxe4 36.a7 Rbe8 37.b7 f3 38.b8=Q Kg7 39.Q8xe8 Rxe8 40.Qxe8 Qd4+ 41.
Rbf2 1-0

[Event "39th WCh U20 Girls"]
[Site "Mexico City MEX"]
[Date "2023.09.29"]
[Round "9.11"]
[White "Skaslien, Ingrid"]
[Black "Rodriguez Redondo, Adhara"]
[Result "1-0"]
[WhiteElo "1919"]
[BlackElo "2135"]
[EventDate "2023.09.21"]
[PlyCount "79"]

1.d4 Nf6 2.c4 e6 3.e3 d5 4.Nc3 b6 5.cxd5 exd5 6.Bd3 Bb7 7.Nge2 Bd6 8.Bd2 
O-O 9.Rc1 a6 10.Ng3 Re8 11.Nf5 Bf8 12.f3 c5 13.O-O Nc6 14.Ne2 Rc8 15.Kh1 
g6 16.Nfg3 Bh6 17.dxc5 Ne5 18.c6 Nxd3 19.cxb7 Rxc1 20.Nxc1 Nxb2 21.Qb3 Nc4
22.Bc3 Nd7 23.e4 Nc5 24.Qd1 d4 25.b8=Q Qxb8 26.Qxd4 Ne5 27.f4 Qc7 28.fxe5 
Ne6 29.Qb4 a5 30.Qb2 Qc4 31.Qf2 Re7 32.Bd2 Bg7 33.Qxb6 Bxe5 34.Nce2 h5 35.
Rc1 Qd3 36.Qe3 Qd7 37.Bc3 Bxc3 38.Nxc3 Ng7 39.Qf4 Ne6 40.Qh6 1-0

[Event "39th WCh U20 Girls"]
[Site "Mexico City MEX"]
[Date "2023.09.29"]
[Round "9.12"]
[White "Moracchini, Margaux"]
[Black "Zhang Xiao"]
[Result "1-0"]
[WhiteElo "1897"]
[BlackElo "2128"]
[EventDate "2023.09.21"]
[PlyCount "129"]

1.e4 c6 2.d4 d5 3.Nd2 dxe4 4.Nxe4 Bf5 5.Ng3 Bg6 6.h4 h6 7.Nf3 Nd7 8.h5 Bh7
9.Bd3 Bxd3 10.Qxd3 e6 11.Bd2 Ngf6 12.O-O-O Be7 13.Qe2 O-O 14.Nf1 c5 15.g4 
cxd4 16.g5 hxg5 17.h6 g6 18.Nxd4 Nc5 19.Bxg5 Qd5 20.h7+ Kh8 21.Bxf6+ Bxf6 
22.Qf3 Qxf3 23.Nxf3 Ne4 24.Rd7 Nxf2 25.Rh2 Ng4 26.Rg2 Ne5 27.Nxe5 Bxe5 28.
Rf2 f5 29.Rxb7 g5 30.c4 g4 31.Rg2 Bg7 32.Nh2 Kxh7 33.Nxg4 fxg4 34.Rxg4 Rg8
35.Re7 e5 36.Kc2 Kh6 37.Re6+ Kh5 38.Reg6 Rac8 39.b3 Rc7 40.R4g5+ Kh4 41.
Rg1 Kh5 42.R6g2 Bf6 43.Rxg8 Rh7 44.Rh1+ Bh4 45.Rg2 Rf7 46.Rgh2 Rf4 47.
Rxh4+ Rxh4 48.Rxh4+ Kxh4 49.Kd3 Kg5 50.Ke4 Kf6 51.b4 Ke6 52.a4 Kd6 53.Kf5 
a6 54.Ke4 Ke6 55.c5 Kd7 56.Kxe5 Kc6 57.Kd4 Kc7 58.Kd5 Kd7 59.c6+ Kc7 60.
Kc5 Kc8 61.Kb6 Kb8 62.Kxa6 Ka8 63.b5 Kb8 64.c7+ Kxc7 65.Ka7 1-0

[Event "39th WCh U20 Girls"]
[Site "Mexico City MEX"]
[Date "2023.09.29"]
[Round "9.13"]
[White "Mukul Aldana, Daniela Maria"]
[Black "Vanduyfhuys, Daria"]
[Result "1/2-1/2"]
[WhiteElo "1798"]
[BlackElo "2088"]
[EventDate "2023.09.21"]
[PlyCount "83"]

1.e4 c5 2.Nf3 d6 3.d4 cxd4 4.Nxd4 Nf6 5.Nc3 a6 6.h3 e5 7.Nb3 Be7 8.Be3 Be6
9.Qf3 Nbd7 10.O-O-O b5 11.g4 h6 12.Nd5 Bxd5 13.exd5 Qc7 14.Kb1 Rc8 15.Bd3 
Bd8 16.h4 Qb7 17.Bf5 a5 18.g5 Ng8 19.Nd2 Ne7 20.Bh3 h5 21.Ne4 Qc7 22.c3 
Rb8 23.Bxd7+ Qxd7 24.Qf6 O-O 25.Qxd6 Qxd6 26.Nxd6 Bb6 27.Ne4 Bxe3 28.fxe3 
Rfd8 29.d6 Nf5 30.Rd3 Kf8 31.Rhd1 Rb6 32.Kc2 Nxh4 33.Rd5 Nf5 34.R1d3 h4 
35.Rxe5 Ng3 36.Nxg3 hxg3 37.e4 Rdxd6 38.Rxg3 Re6 39.Rxe6 Rxe6 40.Kd3 Rd6+ 
41.Ke3 Ke7 42.Rg2 1/2-1/2

[Event "39th WCh U20 Girls"]
[Site "Mexico City MEX"]
[Date "2023.09.29"]
[Round "9.14"]
[White "Ter-Avetisjana, Agnesa Stepania"]
[Black "Hernandez Diaz, Paula Sofia"]
[Result "1/2-1/2"]
[WhiteElo "2080"]
[BlackElo "1796"]
[EventDate "2023.09.21"]
[PlyCount "111"]

1.d4 Nf6 2.Nf3 d5 3.e3 c5 4.b3 cxd4 5.exd4 g6 6.c4 Bg7 7.Bb2 O-O 8.Be2 Nc6
9.O-O b6 10.Nc3 Bb7 11.Ne5 dxc4 12.Nxc6 Bxc6 13.bxc4 Qd7 14.d5 Bb7 15.a4 
Rfd8 16.a5 bxa5 17.Rxa5 e6 18.Bf3 Qc7 19.Qa4 exd5 20.cxd5 a6 21.Rd1 Qb6 
22.Rb1 Rac8 23.Ba3 Qc7 24.Rc5 Qd7 25.Qxd7 Nxd7 26.Rxc8 Bxc8 27.Be7 Re8 28.
Bb4 Ne5 29.Be2 Bf5 30.Rd1 Bc8 31.Ne4 Nc4 32.f3 Ne3 33.Rd3 Nf5 34.Bf1 Bd7 
35.Bc3 Bb5 36.Bxg7 Kxg7 37.Rc3 Bxf1 38.Kxf1 Rd8 39.g4 Ne7 40.d6 Nd5 41.Rc6
Nb4 42.Rc7 h6 43.h4 Nd5 44.Ra7 Nf6 45.Rxa6 Nxe4 46.fxe4 Kf6 47.Ra5 Ke6 48.
e5 f6 49.exf6 Kxf6 50.Ra6 Rd7 51.Kf2 Ke6 52.Ra8 Rxd6 53.Rh8 Kf7 54.Rxh6 
Kg7 55.g5 Rd5 56.Ke3 1/2-1/2

[Event "39th WCh U20 Girls"]
[Site "Mexico City MEX"]
[Date "2023.09.29"]
[Round "9.15"]
[White "Diaz Charpentier, Kristel Meliss"]
[Black "Benito De Leo, Estefania"]
[Result "1-0"]
[WhiteElo "1951"]
[BlackElo "1712"]
[EventDate "2023.09.21"]
[PlyCount "57"]

1.d4 Nf6 2.c4 e6 3.Nc3 Bb4 4.Qc2 O-O 5.a3 Bxc3+ 6.Qxc3 b6 7.Bg5 h6 8.Bh4 
Bb7 9.f3 g5 10.Bf2 d5 11.e3 Nbd7 12.Bd3 c5 13.Ne2 cxd4 14.exd4 dxc4 15.
Bxc4 Rc8 16.Qd3 Kg7 17.O-O Qe7 18.Rfe1 Rfd8 19.Ng3 Qd6 20.Rad1 Bd5 21.Ba6 
Rc7 22.Ne4 Qe7 23.b4 Nxe4 24.fxe4 Bb7 25.Bg3 Bxa6 26.Qxa6 Nb8 27.Qb5 Rcd7 
28.Bxb8 Rxb8 29.Qe5+ 1-0

[Event "39th WCh U20 Girls"]
[Site "Mexico City MEX"]
[Date "2023.09.29"]
[Round "9.16"]
[White "Castellanos Hernandez, Lhia Itzayana"]
[Black "Viana, Valeria"]
[Result "1-0"]
[WhiteElo "1890"]
[BlackElo "1620"]
[EventDate "2023.09.21"]
[PlyCount "99"]

1.e4 c6 2.d4 d5 3.f3 dxe4 4.fxe4 e5 5.Nf3 exd4 6.Bc4 Be7 7.O-O Nf6 8.Ng5 
O-O 9.Nxf7 Rxf7 10.Bxf7+ Kxf7 11.e5 Nd7 12.exf6 Nxf6 13.Qd3 Kg8 14.Bf4 Qd5
15.Nd2 b5 16.Rae1 Bf5 17.Qb3 Qxb3 18.Nxb3 Bb4 19.Re5 Bxc2 20.Nxd4 Be4 21.
Bg5 Bd3 22.Bxf6 Bxf1 23.Rg5 Kf7 24.Be5 Bc4 25.Rxg7+ Kf8 26.Rxh7 Re8 27.
Rh8+ Kf7 28.Rxe8 Kxe8 29.Nxc6 Bc5+ 30.Bd4 Bxd4+ 31.Nxd4 a6 32.a3 Bd5 33.
Kf2 Kf7 34.g4 Kf6 35.h4 Ke5 36.Ke3 Ba2 37.Nc6+ Kd6 38.Nb4 Be6 39.g5 a5 40.
Nd3 Bf7 41.Kd4 Ke6 42.Ne5 Be8 43.g6 Kf6 44.b4 axb4 45.axb4 Kg7 46.Kd5 Kf6 
47.Kd6 Kg7 48.Ke7 Bxg6 49.Nxg6 Kxg6 50.Kd6 1-0

[Event "39th WCh U20 Girls"]
[Site "Mexico City MEX"]
[Date "2023.09.29"]
[Round "9.17"]
[White "Mendoza Recio, Josselyne"]
[Black "Mayorga Araya, Sofia"]
[Result "0-1"]
[WhiteElo "1573"]
[BlackElo "1825"]
[EventDate "2023.09.21"]
[PlyCount "72"]

1.e4 c5 2.Nf3 d6 3.d4 cxd4 4.Nxd4 Nf6 5.Nc3 a6 6.f4 e5 7.Nf3 Qc7 8.a4 Nc6 
9.Bd3 exf4 10.Bxf4 Ne5 11.Nxe5 dxe5 12.Be3 Bb4 13.Qd2 Bd7 14.O-O O-O 15.
Kh1 Bc6 16.Rxf6 gxf6 17.Bh6 Rfe8 18.Qf2 Bf8 19.Bxf8 Kxf8 20.Qxf6 Rad8 21.
Qh6+ Ke7 22.Rf1 Rf8 23.Qf6+ Ke8 24.Rf5 Qd6 25.Rxe5+ Kd7 26.Qf5+ Kc7 27.
Nd5+ Kb8 28.Ne3 f6 29.Ra5 Qb4 30.h3 Ka8 31.Bxa6 bxa6 32.Rc5 Rd6 33.Rc4 
Qe1+ 34.Nf1 Rg8 35.Rc3 Qxe4 36.Rc5 Rdd8 0-1

[Event "39th WCh U20 Girls"]
[Site "Mexico City MEX"]
[Date "2023.09.29"]
[Round "9.18"]
[White "Ivan, Reka Gyongyver"]
[Black "Sosovickova, Jana"]
[Result "0-1"]
[WhiteElo "1857"]
[BlackElo "2045"]
[EventDate "2023.09.21"]
[PlyCount "96"]

1.d4 Nf6 2.Bf4 e6 3.e3 d5 4.Nd2 Bd6 5.Ngf3 O-O 6.Bd3 c5 7.dxc5 Bxf4 8.exf4
Qc7 9.g3 Qxc5 10.O-O b6 11.Re1 Ba6 12.Ne5 Bxd3 13.cxd3 Nbd7 14.Nb3 Qd6 15.
Nd4 Qb4 16.Nb3 Nc5 17.Nc6 Qb5 18.Nbd4 Qxd3 19.Qxd3 Nxd3 20.Re2 Nc5 21.Nb5 
Ne8 22.f5 a6 23.Nbd4 Nc7 24.b4 Ne4 25.Rc1 Rfe8 26.f3 Nd6 27.Rce1 exf5 28.
Ne7+ Kf8 29.Ndxf5 Nc4 30.Nd4 Rad8 31.Rc1 Rxe7 32.Rxe7 Kxe7 33.Nc6+ Kd7 34.
Nxd8 Kxd8 35.Kf2 Kd7 36.Ke2 Kd6 37.Kd3 Ne5+ 38.Ke3 Nc6 39.Rb1 Nb5 40.f4 
Nc3 41.Rb3 d4+ 42.Kd2 Kd5 43.a3 Kc4 44.Rb2 Ne7 45.g4 Ned5 46.f5 Nf6 47.h3 
Nfe4+ 48.Ke1 d3 0-1

[Event "39th WCh U20 Girls"]
[Site "Mexico City MEX"]
[Date "2023.09.29"]
[Round "9.19"]
[White "Mikic, Ivana"]
[Black "Mogollon Tobar, Nicolle Julieth"]
[Result "1/2-1/2"]
[WhiteElo "1836"]
[BlackElo "1943"]
[EventDate "2023.09.21"]
[PlyCount "74"]

1.e4 c5 2.Nf3 d6 3.d4 cxd4 4.Qxd4 Nc6 5.Bb5 Bd7 6.Bxc6 Bxc6 7.c4 f5 8.Nc3 
e5 9.Qd3 fxe4 10.Nxe4 Nf6 11.Nc3 Be7 12.Qe2 O-O 13.O-O Qe8 14.Ng5 Qd7 15.
f3 h6 16.Nge4 Rac8 17.b3 Nxe4 18.fxe4 a6 19.Be3 b5 20.Nd5 Qe6 21.Rxf8+ 
Bxf8 22.Rc1 Bxd5 23.cxd5 Rxc1+ 24.Bxc1 Qc8 25.Be3 Be7 26.a4 Qc3 27.axb5 
axb5 28.Kf2 Qxb3 29.Bxh6 gxh6 30.Qg4+ Kf7 31.Qe6+ Kf8 32.Qc8+ Kg7 33.Qg4+ 
Kh8 34.Qc8+ Kg7 35.Qg4+ Kh8 36.Qc8+ Kg7 37.Qg4+ Kh8 1/2-1/2

[Event "39th WCh U20 Girls"]
[Site "Mexico City MEX"]
[Date "2023.09.29"]
[Round "9.20"]
[White "Yedigarian, Asya"]
[Black "Maione, Melissa"]
[Result "1/2-1/2"]
[WhiteElo "1786"]
[BlackElo "1931"]
[EventDate "2023.09.21"]
[PlyCount "68"]

1.e4 c5 2.Nf3 Nc6 3.d4 cxd4 4.Nxd4 Nf6 5.Nc3 e5 6.Ndb5 d6 7.Bg5 a6 8.Na3 
b5 9.Nd5 Be7 10.Bxf6 Bxf6 11.c3 O-O 12.Nc2 Rb8 13.h4 g6 14.h5 Bg5 15.Nce3 
Bxe3 16.Nxe3 b4 17.Nd5 bxc3 18.bxc3 Be6 19.Qd2 Bxd5 20.Qxd5 Qa5 21.Qd2 
Rfc8 22.hxg6 fxg6 23.Bc4+ Kh8 24.Rc1 Qc5 25.Bf7 Kg7 26.Bd5 h5 27.O-O Ne7 
28.Bb3 Rf8 29.Qe2 a5 30.Rcd1 Rf6 31.Rd3 Rbf8 32.Re3 Rc8 33.Rd1 Qc6 34.Rf3 
Rxf3 1/2-1/2

[Event "39th WCh U20 Girls"]
[Site "Mexico City MEX"]
[Date "2023.09.29"]
[Round "9.21"]
[White "Hernandez Bermudez, Manuela"]
[Black "Saravanan, Durga"]
[Result "1-0"]
[WhiteElo "1905"]
[BlackElo "1757"]
[EventDate "2023.09.21"]
[PlyCount "69"]

1.e4 c5 2.Nf3 d6 3.d4 cxd4 4.Nxd4 Nf6 5.Nc3 a6 6.Bg5 Nbd7 7.Bc4 Qb6 8.Bb3 
e6 9.Qd2 Be7 10.O-O-O Nc5 11.f3 Qc7 12.g4 b5 13.a3 Bb7 14.Ba2 O-O 15.h4 
Rac8 16.h5 Rfd8 17.Be3 Nfd7 18.g5 Ne5 19.g6 Nc4 20.Bxc4 bxc4 21.Rdg1 Bf6 
22.Bg5 Bxg5 23.gxh7+ Kxh7 24.Qxg5 Rg8 25.Qg6+ Kh8 26.Nde2 d5 27.Qg4 Rcd8 
28.exd5 exd5 29.Nf4 d4 30.Ng6+ Kh7 31.Qf5 Kh6 32.Nf8 Rdxf8 33.Qg6+ fxg6 
34.hxg6+ Qh2 35.Rxh2# 1-0

[Event "39th WCh U20 Girls"]
[Site "Mexico City MEX"]
[Date "2023.09.29"]
[Round "9.22"]
[White "Brito Carrascal, Isabela"]
[Black "Destic, Elena"]
[Result "0-1"]
[WhiteElo "1708"]
[BlackElo "1904"]
[EventDate "2023.09.21"]
[PlyCount "80"]

1.e4 c6 2.d4 d5 3.Nc3 dxe4 4.Nxe4 Nf6 5.Nxf6+ exf6 6.Nf3 Bd6 7.Be2 O-O 8.
O-O Re8 9.Be3 Nd7 10.Qd2 Nf8 11.Rfe1 Ng6 12.c4 Bb8 13.Rac1 Qd6 14.g3 f5 
15.Bf1 Be6 16.Ne5 Nxe5 17.dxe5 Qxe5 18.Rcd1 Qf6 19.b3 Bc7 20.Bg2 a5 21.c5 
Rad8 22.Qc1 h6 23.Bf4 Bxf4 24.Qxf4 Rxd1 25.Rxd1 Rd8 26.Rd6 Rxd6 27.cxd6 
Qa1+ 28.Bf1 Qd1 29.Qe5 a4 30.Qe3 axb3 31.axb3 Qxd6 32.Qb6 Qe7 33.Qe3 Qb4 
34.Bc4 Bxc4 35.bxc4 Qxc4 36.Qb6 Qb5 37.Qd8+ Kh7 38.Qd7 Qb1+ 39.Kg2 f6 40.
h4 c5 0-1

[Event "39th WCh U20 Girls"]
[Site "Mexico City MEX"]
[Date "2023.09.29"]
[Round "9.23"]
[White "Lopez Rayo, Isabella"]
[Black "Middleton, Jody"]
[Result "1/2-1/2"]
[WhiteElo "1876"]
[BlackElo "1699"]
[EventDate "2023.09.21"]
[PlyCount "150"]

1.e4 e6 2.d4 d5 3.Nd2 c5 4.exd5 exd5 5.dxc5 Bxc5 6.Ngf3 Nf6 7.Bb5+ Nc6 8.
O-O O-O 9.Nb3 Be7 10.h3 Qc7 11.Re1 Rd8 12.Qe2 Ne4 13.c4 Bf5 14.cxd5 Rxd5 
15.Bxc6 bxc6 16.Nfd4 Bg6 17.f3 Bf6 18.fxe4 Bxd4+ 19.Nxd4 Rxd4 20.Qf3 Rad8 
21.Bf4 Qb7 22.Be5 Rd3 23.Qf4 Qe7 24.Bc3 Qc5+ 25.Kh2 h6 26.e5 Qd5 27.e6 
fxe6 28.Re5 Qd7 29.Rae1 Re8 30.Qg4 Bf5 31.Rxf5 Rxc3 32.Rf6 Qd6+ 33.Qf4 
Qxf4+ 34.Rxf4 Rc2 35.Rb4 e5 36.Rb7 e4 37.Rd1 Rc5 38.Rdd7 Rg5 39.Rxa7 e3 
40.Re7 Rd8 41.Rad7 Rxd7 42.Rxd7 Kf8 43.Rd1 Rb5 44.b3 Ra5 45.Rf1+ Ke7 46.a4
Rc5 47.Re1 Rc3 48.b4 Kd6 49.Kg3 Ra3 50.a5 Rb3 51.Ra1 Rxb4 52.a6 Rb8 53.Kf3
e2 54.Kxe2 Ra8 55.Kd3 Kc5 56.Rc1+ Kb6 57.Rb1+ Kxa6 58.Kc4 Rf8 59.Kc5 Rf2 
60.Kxc6 Rc2+ 61.Kd6 Rxg2 62.Ke6 Rf2 63.h4 Rf6+ 64.Ke5 Rc6 65.Rg1 g6 66.Rf1
Kb5 67.Rb1+ Ka4 68.Rb8 Rc1 69.Kf6 Rc6+ 70.Ke5 Rc4 71.Kf6 Rg4 72.Rh8 Rxh4 
73.Kxg6 Rg4+ 74.Kxh6 Rg1 75.Rb8 Ka5 1/2-1/2

[Event "39th WCh U20 Girls"]
[Site "Mexico City MEX"]
[Date "2023.09.29"]
[Round "9.24"]
[White "Hernandez Ortega, Carolina"]
[Black "Castillo Beitia, Ashley Alexandra"]
[Result "1/2-1/2"]
[WhiteElo "1729"]
[BlackElo "1870"]
[EventDate "2023.09.21"]
[PlyCount "99"]

1.e4 c5 2.Nf3 d6 3.d4 cxd4 4.Nxd4 Nf6 5.Nc3 g6 6.Be2 Bg7 7.O-O O-O 8.Be3 
Nc6 9.a4 d5 10.exd5 Nb4 11.Bf3 Nbxd5 12.Nxd5 Nxd5 13.Bg5 h6 14.Bh4 g5 15.
Bg3 e5 16.Nb5 Be6 17.Re1 f6 18.c4 Nb4 19.Nd6 Rb8 20.b3 Qe7 21.Nb5 Rbd8 22.
Qe2 Bf5 23.Rad1 Bd3 24.Qb2 Nc2 25.Bd5+ Rxd5 26.cxd5 Nxe1 27.Rxe1 Bxb5 28.
axb5 Qb4 29.Rd1 Rd8 30.Qc2 Rxd5 31.Qc8+ Kh7 32.Qf5+ Kh8 33.Qc8+ Bf8 34.Rc1
Qd6 35.h3 Rd1+ 36.Rxd1 Qxd1+ 37.Kh2 Qd6 38.Qxb7 Qc5 39.Qc6 Qxc6 40.bxc6 
Bd6 41.f3 a6 42.Bf2 Bc7 43.g4 Kg7 44.Kg2 h5 45.Bc5 hxg4 46.hxg4 Kf7 47.Kf2
Ke6 48.Ke3 Kd5 49.Be7 Ke6 50.Ke4 1/2-1/2

[Event "39th WCh U20 Girls"]
[Site "Mexico City MEX"]
[Date "2023.09.29"]
[Round "9.25"]
[White "Faganel, Kaja"]
[Black "Koksa, Jelena"]
[Result "1/2-1/2"]
[WhiteElo "1615"]
[BlackElo "1748"]
[EventDate "2023.09.21"]
[PlyCount "79"]

1.Nf3 Nf6 2.c4 e6 3.g3 d5 4.Bg2 c5 5.cxd5 exd5 6.d4 Nc6 7.O-O Be7 8.Nc3 
O-O 9.dxc5 Bxc5 10.Bg5 Be7 11.Bxf6 Bxf6 12.Nxd5 Bxb2 13.Rb1 Ba3 14.Qb3 Qa5
15.Nf4 Bd6 16.e3 Rb8 17.Qd5 Bxf4 18.Qxa5 Nxa5 19.exf4 Rd8 20.Rfe1 Be6 21.
Rb2 Nc4 22.Rbe2 h6 23.Ne5 Nxe5 24.fxe5 b5 25.Rb2 a5 26.f4 b4 27.Bc6 Rd3 
28.Ba4 Rbd8 29.Ree2 Bg4 30.Rf2 Bh3 31.Rfe2 Rc3 32.Red2 Rdc8 33.Kf2 Rc1 34.
Rd1 Rxd1 35.Bxd1 Be6 36.Ba4 Rc3 37.Ke2 Bc4+ 38.Kf2 Be6 39.Ke2 Bc4+ 40.Kf2 
1/2-1/2

[Event "39th WCh U20 Girls"]
[Site "Mexico City MEX"]
[Date "2023.09.29"]
[Round "9.26"]
[White "Montano Vicente, Guadalupe"]
[Black "Velarde Hernandez, Paulina Yunuen"]
[Result "1-0"]
[WhiteElo "1727"]
[BlackElo "1557"]
[EventDate "2023.09.21"]
[PlyCount "133"]

1.d4 d5 2.c4 e6 3.Nc3 Be7 4.cxd5 exd5 5.Qc2 Nc6 6.e3 Nb4 7.Qb1 Nh6 8.a3 
Bf5 9.e4 dxe4 10.Bxh6 Nd3+ 11.Bxd3 exd3 12.Bd2 Qxd4 13.Nf3 Qg4 14.O-O O-O 
15.Qe1 Rae8 16.Qd1 Qg6 17.Ne5 Qd6 18.Nc4 Qd4 19.Ne3 Bg6 20.Qg4 Qe5 21.Nc4 
Qh5 22.Qxh5 Bxh5 23.Rfe1 Bc5 24.Rxe8 Rxe8 25.Re1 Kf8 26.Rxe8+ Kxe8 27.Ne5 
Be2 28.Nxe2 dxe2 29.Nd3 Bd4 30.Bc3 Bxc3 31.bxc3 Kd7 32.f3 Kc6 33.Kf2 Kb5 
34.Nb2 a5 35.Kxe2 Kc5 36.Kd3 b5 37.Nd1 b4 38.cxb4+ axb4 39.axb4+ Kxb4 40.
Ne3 c5 41.Kc2 g6 42.Kb2 f5 43.f4 c4 44.Kc2 c3 45.Nd5+ Kc4 46.Nxc3 Kd4 47.
Kd2 g5 48.fxg5 f4 49.h4 Ke5 50.Ke2 Kf5 51.Kf3 Ke5 52.Ne2 Kf5 53.Nxf4 Ke5 
54.Kg4 Kd6 55.Nh5 Ke7 56.Kf5 Kf7 57.Nf6 Kg7 58.h5 Kh8 59.Nxh7 Kxh7 60.Kf6 
Kg8 61.Kg6 Kh8 62.Kh6 Kg8 63.g6 Kh8 64.g7+ Kg8 65.g3 Kf7 66.Kh7 Kf6 67.
g8=Q 1-0

[Event "39th WCh U20 Girls"]
[Site "Mexico City MEX"]
[Date "2023.09.30"]
[Round "10.1"]
[White "Lu Miaoyi"]
[Black "Krasteva, Beloslava"]
[Result "0-1"]
[WhiteElo "2214"]
[BlackElo "2223"]
[EventDate "2023.09.21"]
[PlyCount "148"]

1.e4 c5 2.Nf3 e6 3.c3 Qa5 4.d4 cxd4 5.Nxd4 a6 6.Nd2 d6 7.a4 Nf6 8.Nc4 Qc7 
9.a5 Nbd7 10.Bd3 Be7 11.O-O O-O 12.Re1 b5 13.axb6 Nxb6 14.Na5 Bd7 15.Bd2 
Rfd8 16.b4 e5 17.Nf3 d5 18.exd5 Nfxd5 19.Nxe5 Bf6 20.Nxd7 Qxd7 21.Ra3 Nf4 
22.Bxf4 Qxd3 23.Re8+ Rxe8 24.Qxd3 Re1+ 25.Qf1 Rxf1+ 26.Kxf1 Rc8 27.Bd2 h5 
28.Ke2 Kh7 29.Kd3 Rd8+ 30.Kc2 Re8 31.c4 Re4 32.Re3 Rg4 33.Rg3 Re4 34.Re3 
Rg4 35.Rg3 Re4 36.Kb3 Re2 37.Rd3 Rxf2 38.c5 Nc8 39.Nc4 Rxg2 40.c6 Re2 41.
Be3 Re1 42.Kc2 Re2+ 43.Kb3 Re1 44.c7 Rb1+ 45.Ka4 Ra1+ 46.Ra3 Rd1 47.Nb6 
Be5 48.Nxc8 Bxc7 49.h3 f5 50.Bg5 f4 51.h4 Rf1 52.Rc3 Bb8 53.Ka5 f3 54.Kb6 
Be5 55.Rc4 Re1 56.Rc2 f2 57.Rxf2 Bd4+ 58.Kxa6 Bxf2 59.b5 Ra1+ 60.Kb7 Ra4 
61.b6 Bxh4 62.Bxh4 Rxh4 63.Ka6 Ra4+ 64.Kb5 Ra8 65.Nd6 h4 66.b7 Rb8 67.Kc6 
h3 68.Ne4 h2 69.Ng3 Kg6 70.Kc7 Rxb7+ 71.Kxb7 Kg5 72.Kc6 Kg4 73.Nh1 Kf3 74.
Kd5 Kg2 0-1